F1 Monaco Grand Prix Podiums - Statistics

General Stats
  • This quiz has been taken 533 times
    377 since last reset
  • The average score is 47 of 88
Answer Stats
Answer % Correct
Lewis Hamilton
99%
Max Verstappen
99%
Sebastian Vettel
97%
Sergio Perez
96%
Fernando Alonso
95%
Michael Schumacher
95%
Ralf Schumacher
95%
Ayrton Senna
93%
Nico Rosberg
93%
Daniel Ricciardo
92%
Keke Rosberg
92%
Alain Prost
91%
Carlos Sainz
91%
Jenson Button
91%
Kimi Raikkonen
91%
Valtteri Bottas
88%
Lando Norris
87%
Mark Webber
87%
Damon Hill
86%
Graham Hill
86%
Phil Hill
86%
Juan Manuel Fangio
83%
Mika Hakkinen
83%
Niki Lauda
81%
Felipe Massa
80%
Rubens Barrichello
80%
Esteban Ocon
76%
David Coulthard
75%
Nigel Mansell
75%
Alberto Ascari
73%
Gilles Villeneuve
72%
Jackie Stewart
70%
Nelson Piquet
70%
Juan Pablo Montoya
69%
Emerson Fittipaldi
67%
Jack Brabham
64%
Jarno Trulli
64%
Alan Jones
63%
Stirling Moss
63%
Jody Scheckter
62%
Giancarlo Fisichella
61%
Gerhard Berger
59%
Denny Hulme
57%
Eddie Irvine
57%
Jochen Rindt
57%
Olivier Panis
57%
Robert Kubica
53%
Riccardo Patrese
50%
Carlos Reutemann
49%
Bruce McLaren
47%
Jean Alesi
47%
Ronnie Peterson
46%
Clay Regazzoni
44%
René Arnoux
43%
Johnny Herbert
41%
Jacky Ickx
40%
Didier Pironi
37%
Michele Alboreto
37%
Michele Alboreto
37%
Jacques Laffite
36%
Nick Heidfeld
33%
Peter Collins
33%
Tony Brooks
33%
Maurice Trintignant
31%
Elio de Angelis
28%
Luigi Musso
27%
Patrick Depailler
27%
Lorenzo Bandini
21%
Martin Brundle
21%
Jean-Pierre Beltoise
20%
Andrea De Cesaris
19%
Chris Amon
17%
Richie Ginther
17%
Eugenio Castellotti
14%
Carlos Pace
13%
Jean Behra
13%
Louis Chiron
13%
Jean-Pierre Jarier
12%
Jo Siffert
12%
Lucien Bianchi
7%
Henri Pescarolo
6%
Stefano Modena
6%
Peter Arundell
4%
Piers Courage
4%
Masten Gregory
3%
Richard Attwood
2%
Vittorio Marzotto
2%
Antonio Stagnoli
0%
No matching quizzes found
Score Distribution
Percent of People with Each Score
Percentile by Number Answered
Your Score History
You have not taken this quiz since the last reset